Elements of Agricultural Engineering [Farm Power, Farm Machinery, Farm Processing, Farm Electricity] (Record no. 19025)
[ view plain ]
| 000 -LEADER | |
|---|---|
| fixed length control field | 00499nam a22001697a 4500 |
| 003 - CONTROL NUMBER IDENTIFIER | |
| control field | OSt |
| 008 - FIXED-LENGTH DATA ELEMENTS--GENERAL INFORMATION | |
| fixed length control field | 250113b |||||||| |||| 00| 0 eng d |
| 020 ## - INTERNATIONAL STANDARD BOOK NUMBER | |
| ISBN | 81-8014-044-X |
| 041 ## - LANGUAGE CODE | |
| Language code of text/sound track or separate title | eng |
| 082 ## - DEWEY DECIMAL CLASSIFICATION NUMBER | |
| Classification number | 630 |
| Item number | SAH/EL |
| 100 ## - MAIN ENTRY--AUTHOR NAME | |
| Personal name | Jagadishwar Sahay |
| 245 ## - TITLE STATEMENT | |
| Title | Elements of Agricultural Engineering [Farm Power, Farm Machinery, Farm Processing, Farm Electricity] |
| 250 ## - EDITION STATEMENT | |
| Edition statement | 4th Reprint |
| 260 ## - PUBLICATION, DISTRIBUTION, ETC. (IMPRINT) | |
| Place of publication | Delhi: |
| Name of publisher | Standard Publishers & Distributors, |
| Year of publication | 2010. |
| 300 ## - PHYSICAL DESCRIPTION | |
| Number of Pages | 461pages. |
| 942 ## - ADDED ENTRY ELEMENTS (KOHA) | |
| Koha item type | Books |
| Withdrawn status | Lost status | Damaged status | Home library | Current library | Date acquired | Source of acquisition | Cost, normal purchase price | Full call number | Accession Number | Koha item type |
|---|---|---|---|---|---|---|---|---|---|---|
| KAUAET | KAUAET | 13/01/2025 | Standard Book House, Thrissur. | 150.00 | 630 SAH/EL | 15248 | Books |
